Del "Quijote" de risa al grave (Record no. 184796)

MARC details
000 -LEADER
campo de control de longitud fija 00896nam a2200241 i 4500
001 - NÚMERO DE CONTROL
campo de control 184796
003 - IDENTIFICADOR DE NÚMERO DE CONTROL
campo de control ES-MaACL
005 - FECHA Y HORA DE LA ÚLTIMA TRANSACCIÓN
campo de control 20231119154023.0
008 - DATOS DE LONGITUD FIJA--INFORMACIÓN GENERAL
campo de control de longitud fija 160111s2011 sp |||| | spa d
020 ## - NÚMERO INTERNACIONAL ESTÁNDAR DEL LIBRO
Número Internacional Estándar del Libro 978-84-9946-151-9
080 ## - NÚMERO DE LA CLASIFICACIÓN DECIMAL UNIVERSAL
Número de la Clasificación Decimal Universal 821.134.2 Cervantes Saavedra, Miguel de 7 Quijote.07
100 1# - ENTRADA PRINCIPAL--NOMBRE DE PERSONA
Nombre de persona Cabada Gómez, Manuel.
9 (RLIN) 157059
245 10 - MENCIÓN DEL TÍTULO
Título Del "Quijote" de risa al grave
Resto del título : su lectura comparada /
Mención de responsabilidad, etc. Manuel Cabada Gómez.
250 ## - MENCION DE EDICION
Mención de edición 2ª ed.
260 ## - PUBLICACIÓN, DISTRIBUCIÓN, ETC.
Lugar de publicación, distribución, etc. Madrid :
Nombre del editor, distribuidor, etc. Edición Personal,
Fecha de publicación, distribución, etc. 2011.
300 ## - DESCRIPCIÓN FÍSICA
Extensión 154 p. ;
Dimensiones 21 cm.
504 ## - NOTA DE BIBLIOGRAFÍA, ETC.
Nota de bibliografía, etc. Bibliografía: p. 153-[154]
600 14 - PUNTO DE ACCESO ADICIONAL DE MATERIA--NOMBRE DE PERSONA
Nombre de persona Cervantes Saavedra, Miguel de,
Fechas asociadas al nombre 1547-1616.
Título de la obra Don Quijote de la Mancha
9 (RLIN) 37612
852 ## - LOCALIZACIÓN
Ubicación ES-MaACL
Número de control de estantería A-13559
itemnumber 191811
Sublocalización o colección R.150776
Ubicación en estantería Depósito 1
Signatura antigua Olim: N-6559
Donativo/Legado Donación: Manuel Cabada Gómez
903 ## - NOMBRE PERSONAL DE DONANTE
9 157059
a Cabada Gómez, Manuel
e Donante
942 ## - ELEMENTOS DE ENTRADA SECUNDARIOS (KOHA)
Fuente del sistema de clasificación o colocación Clasificación decimal universal
Tipo de ítem Koha Libro impreso
Holdings
Estatus retirado Estado de pérdida Fuente del sistema de clasificación o colocación Estado de daño No para préstamo Biblioteca de origen Biblioteca actual Ubicación en estantería Fecha de adquisición Fuente de adquisición Total de préstamos Signatura topográfica completa Código de barras Visto por última vez Precio de reemplazo Tipo de ítem Koha
    Clasificación decimal universal     Biblioteca del Ateneo de Madrid Biblioteca del Ateneo de Madrid Depósito 1 11/01/2016 Donación   A-13559 1194601 23/02/2023 23/02/2023 Libro impreso